L'ultim serv (Record no. 82441)

MARC details
000 -LEADER
campo de control de longitud fija 00712nam a2200205 i 4500
001 - NÚMERO DE CONTROL
campo de control 82441
003 - IDENTIFICADOR DE NÚMERO DE CONTROL
campo de control ES-MaACL
005 - FECHA Y HORA DE LA ÚLTIMA TRANSACCIÓN
campo de control 20251009195331.0
007 - CAMPO FIJO DE DESCRIPCIÓN FÍSICA--INFORMACIÓN GENERAL
campo de control de longitud fija t|
008 - DATOS DE LONGITUD FIJA--INFORMACIÓN GENERAL
campo de control de longitud fija 041110s1965 sp ||||1| val d
100 1# - ENTRADA PRINCIPAL--NOMBRE DE PERSONA
Nombre de persona Ibars Ibars, María.
9 (RLIN) 64978
245 12 - MENCIÓN DEL TÍTULO
Título L'ultim serv
Resto del título : a l'ombra del Montgó (novel-la social) /
Mención de responsabilidad, etc. Maria Ibars i Ibars ; illustracions d'Antoni Ferrer ; fotogravats de Vilaseca.
260 ## - PUBLICACIÓN, DISTRIBUCIÓN, ETC.
Lugar de publicación, distribución, etc. Valencia :
Nombre del editor, distribuidor, etc. [s.n.],
Fecha de publicación, distribución, etc. 1965.
300 ## - DESCRIPCIÓN FÍSICA
Extensión 222 p., 1 lám. ;
Dimensiones 20 cm.
490 1# - MENCIÓN DE SERIE
Mención de serie Sicania. Novel-la social ;
Designación de volumen o secuencia 24
700 1# - ENTRADA AGREGADA--NOMBRE PERSONAL
Nombre de persona Ferrer, Antonio,
Fechas asociadas al nombre n. 1899
9 (RLIN) 161893
830 0# - PUNTO DE ACCESO ADICIONAL DE SERIE-TÍTULO UNIFORME
Título uniforme Sicania. Novel-la social ;
Designación de volumen o secuencia 24
9 (RLIN) 231594
852 ## - LOCALIZACIÓN
Ubicación ES-MaACL
Número de control de estantería C-27276
Sublocalización o colección R.56522
Holdings
Estatus retirado Estado de pérdida Estado de daño No para préstamo Biblioteca de origen Biblioteca actual Ubicación en estantería Fecha de adquisición Fuente de adquisición Total de préstamos Signatura topográfica completa Código de barras Visto por última vez Precio de reemplazo Tipo de ítem Koha
        Biblioteca del Ateneo de Madrid Biblioteca del Ateneo de Madrid Depósito 2 17/01/2008     C-27276 1086158 23/02/2023 23/02/2023 Libro impreso